№ 16; Вестник высшей школы

Podrobná bibliografie
Parent link:Вестник высшей школы/ Орган Всесоюзного Комитета по делам высшей школы при СНК СССР. № 16.— , 1940-1990.— 0321-0383
Jazyk:ruština
Vydáno: 1940
Médium: MixedMaterials Kniha
KOHA link:https://koha.lib.tpu.ru/cgi-bin/koha/opac-detail.pl?biblionumber=401836

MARC

LEADER 00000nam2a2200000 4500
001 401836
005 20231101065624.0
035 |a (RuTPU)RU\TPU\prd\46235 
090 |a 401836 
100 |a 20060920a19401990k y0rusy50 ca 
101 0 |a rus 
102 |a RU 
200 0 |a № 16 
210 |d 1940 
461 1 |0 (RuTPU)RU\TPU\prd\1  |x 0321-0383  |t Вестник высшей школы  |f Орган Всесоюзного Комитета по делам высшей школы при СНК СССР  |v № 16  |d 1940-1990 
801 0 |a RU  |b 63413507  |c 20010227  |g PSBO 
801 1 |a RU  |b 63413507  |c 20060920  |g PSBO 
801 2 |a RU  |b 63413507  |c 20091224  |g RCR 
942 |c BK 
999 |a НТБ_ТПУ  |b НФ  |e -1/20010101  |p П-3296  |u 0  |v 1 
999 |a НТБ_ТПУ  |b РФ  |e -1/20010101  |p П-3296  |u 0  |v 1